| Tag |
First Indicator |
Second Indicator |
Subfields |
| LEADER |
00000cam a2200000 4500 |
| 001 |
in00000038787 |
| 005 |
20151007081303.0 |
| 008 |
750311s1932 ger u |
| 010 |
|
|
|a 34020434
|
| 035 |
|
|
|a (OCoLC)01210658
|
| 035 |
|
|
|9 AAF6156AM
|
| 040 |
|
|
|c CWR
|d TXA
|d UtOrBLW
|
| 049 |
|
|
|a TXAM
|c [51507]
|
| 050 |
0 |
0 |
|a AG27
|b .M4 1932b
|
| 092 |
|
|
|a 033
|b M61, 3d ed.
|
| 245 |
0 |
0 |
|a Meyers blitz-lexikon, die schnellauskunft fur jedermann in wort und bild.
|
| 250 |
|
|
|a 3. neubearb. und verb. Aufl.
|b 8 karten; 2543 abbildungen im text und auf 74 teils mehrfarbigen tafeln.
|
| 264 |
|
1 |
|a Leipzig :
|b Bibliographisches Institut ag.,
|c [1932]
|
| 264 |
|
4 |
|c [©1932]
|
| 300 |
|
|
|a 2 pages :
|b 760 color illustrations (including portraits) plates (part color) maps (part double) diagrams ;
|c 24 cm.
|
| 336 |
|
|
|a text
|b txt
|2 rdacontent
|
| 337 |
|
|
|a unmediated
|b n
|2 rdamedia
|
| 338 |
|
|
|a volume
|b nc
|2 rdacarrier
|
| 500 |
|
|
|a In double columns.
|
| 650 |
|
0 |
|a Encyclopedias and dictionaries, German.
|
| 999 |
|
|
|a MARS
|
| 999 |
f |
f |
|s 0f135970-0442-3783-b259-85edaa1665ca
|i c931548d-75b8-3af8-af28-93c7595e139c
|t 0
|
| 952 |
f |
f |
|p ric
|a Texas A&M University
|b Rellis Campus
|c Joint Library Facility
|d Remote Storage
|t 0
|e AG27 .M4 1932b
|h Library of Congress classification
|i unmediated -- volume
|m A14805859249
|
| 998 |
f |
f |
|a AG27 .M4 1932b
|t 0
|l Remote Storage
|